Adivina la selección del jugador de fútbol - Estadísticas

Estadísticas generales
  • Esta prueba ha sido intentada 73 veces
  • La puntuación promedio es 19 de 26
Estadísticas de respuestas
Hint Respuesta % Correcto
Schweinsteiger Alemania
97%
Alexis Sanchez Chile
97%
Keylor Navas Costa Rica
97%
Huijsen España
92%
Brozovic Croacia
89%
Okocha Nigeria
88%
Estupiñán Ecuador
86%
Ito Japón
85%
Mariano Díaz República Dominicana
85%
Calhanoglu Turquía
85%
Gudelj Serbia
83%
Iñaki Williams Ghana
82%
Golovin Rusia
80%
Al-Owairan Arabia Saudita
78%
Mkhitaryan Armenia
74%
De Ketelaere Bélgica
74%
Haller Costa de Marfil
71%
Taremi Iran
69%
Cherki Francia
68%
Alex Padilla Mexico
68%
Muriqi Kosovo
63%
Enciso Paraguay
62%
Bailey Jamaica
60%
Goodwin Australia
46%
Bebé Cabo Verde
38%
Mwepu Zambia
23%
No se encontraron pruebas coincidentes
Distribución de puntuación
Porcentaje de gente con cada puntuación
Porcentaje por número respondido
Historial de tus puntuaciones
No has intentado esta prueba.